Statistics for Countries by vineyard surface area

Click here to take the quiz!

General Stats

  • This quiz has been taken 12 times
  • The average score is 7 of 10

Answer Stats

HintAnswer% Correct
795 286 haFrance
100%
784 750 haChina
90%
954 724 haSpain
90%
718 198 haItaly
80%
207 047 haArgentina
70%
195 860 haChile
70%
390 000 haUnited States
70%
419 000 haTurkey
60%
190 981 haPortugal
50%
187 934 haRomania
40%

Score Distribution

Percentile by Number Answered

Percent of People with Each Score

Your Score History

You have not taken this quiz